Normal view
MARC view
Entry Personal Name
001 - CONTROL NUMBER
- control field: 48097
003 - CONTROL NUMBER IDENTIFIER
- control field: ARRUPE
005 - DATE AND TIME OF LATEST TRANSACTION
- control field: 20190906094400.0
008 - FIXED-LENGTH DATA ELEMENTS
- fixed length control field: 190906|| aca||aabn | a|a d
040 ## - CATALOGING SOURCE
- Original cataloging agency: ARRUPE
- Transcribing agency: ARRUPE
100 ## - HEADING--PERSONAL NAME
- Personal name: Foley, Robert.
670 ## - SOURCE DATA FOUND
- Source citation: Work cat.: (ARRUPE)0: Lewin, Roger. 36341, Principles of human evolution /, 2004.